000 00262nam a2200097Ia 4500
082 _aEF RAIN
245 0 _aObesity discrimination
100 _a Bryan, Dale-Marie New York, 2009 1st ed
_978756
942 _cBK
008 210817s9999 xx 000 0 und d
999 _c292358
_d292357